01534nam a22003737a 4500003000500000005001700005008004100022010001000063011001000073035001000083040000900093090001000102100003800112245012700150260004000277300002200317502008100339590003700420590004100457590004100498590004100539590004200580650004600622650003600668650002400704650004000728901000700768942000900775949004300784949005500827999001700882952013300899952012801032CHAP20220329141021.0971013s1996 r 00010 d a61352 a62324 a66498 cCHAP aTesis00aSilva Díaz, Hipólito.9105990 aDeterminación de la geometría del paleocanal, San Bernardino-Netzahualcóyotl utilizando prospección geoeléctrica aChapingo, Méx. :bEl autor,c1996 a70 h.b; apénd. aTesis (Ing. Agr. Esp. en Irrigación) -- UACH. Departamento de Irrigación aALEPHb10c20130110lUCH01h1341 aBATCH-UPDb10c20130110lUCH01h0646 aBATCH-UPDb10c20130410lUCH01h0330 aBATCH-UPDb10c20130914lUCH01h0832 aCONVERSIONb10c20130109lUCH01h133314aAguaxAbastecimientoxMexico (Edo.)9225214aCanalesxMéxico (Edo.)91826614aGeofísica.94753414aGeologíazMéxico (Edo.).947644 aBK cFOLL bBCcTESd-151707eTS1h29730i66498si bBCcTESd33724000621827eTS2fc.2h29731i66498si c61352d61352 00102local4053708TESISaBCbBCcPA_TESISd2019-12-31fTESISl0p33724000621827r2019-12-31 00:00:00tc.2w2019-12-31yTESIS 00102local4051708TESISaBCbBCcPA_TESISd2019-12-31fTESISl0oTesisp-151707r2019-12-31 00:00:00w2019-12-31yTESIS